[Event "Gibraltar Amateurs op-B"]
[Site "Caleta"]
[Date "2020.01.25"]
[Round "1"]
[White "Salas Martin, Javier"]
[Black "Harbinson, Alec Ryan"]
[Result "1-0"]
[WhiteElo "1738"]
[BlackElo "1141"]
[PlyCount "29"]
[EventDate "2020.01.20"]
[EventType "swiss"]
[EventRounds "5"]
[EventCountry "GGB"]
[SourceTitle "CBM 194 Extra"]
[Source "ChessBase"]
[SourceDate "2020.03.31"]
[SourceVersion "1"]
[SourceVersionDate "2020.03.31"]
[SourceQuality "1"]

1. d4 Nf6 2. c4 e6 3. Nf3 d5 4. g3 Bb4+ 5. Bd2 Be7 6. Bg2 0-0 7. 0-0 c5 8. cxd5 exd5 9. Nc3 Nc6 10. Bg5 Be6 11. Rc1 Ne4 12. Bxe7 Qxe7 13. dxc5 Nxc5 14. Nxd5 Qd6 15. Nf6+ 1-0

[Event "Gibraltar Amateur op-B"]
[Site "Caleta"]
[Date "2019.01.27"]
[Round "2"]
[White "Salas Martin, Javier"]
[Black "Robson, Paul E"]
[Result "0-1"]
[WhiteElo "1749"]
[BlackElo "1861"]
[PlyCount "80"]
[EventDate "2019.01.26"]
[EventType "swiss"]
[EventRounds "5"]
[EventCountry "GGB"]
[SourceTitle "EXT 2021"]
[Source "ChessBase"]
[SourceDate "2020.10.23"]
[SourceVersion "1"]
[SourceVersionDate "2020.10.23"]
[SourceQuality "1"]

1. d4 Nf6 2. c4 c5 3. d5 b5 4. Qc2 bxc4 5. Nc3 d6 6. e4 g6 7. Bxc4 Bg7 8. h3 0-0 9. Nf3 Nbd7 10. 0-0 Nb6 11. Be2 Ne8 12. Bf4 Nc7 13. Rad1 Bb7 14. Bg5 h6 15. Be3 Kh7 16. Rfe1 Rb8 17. h4 Ba6 18. e5 Bxe2 19. Rxe2 Nc4 20. Bc1 Qd7 21. exd6 exd6 22. b3 Nb6 23. h5 Rbe8 24. hxg6+ fxg6 25. Rxe8 Qxe8 26. Ne4 Nc8 27. Re1 Qd7 28. Nh4 Qg4 29. g3 Nxd5 30. Nxc5 dxc5 31. Qxc5 Qd4 32. Qc2 Nce7 33. Ba3 Rc8 34. Qb1 Rf8 35. Qc2 Qf6 36. Bc5 Rf7 37. Bxa7 Nf5 38. Nxf5 Qxf5 39. Qc5 Nf6 40. Qc4 Rxa7 0-1

[Event "Gibraltar Amateur op-B"]
[Site "Caleta"]
[Date "2019.01.26"]
[Round "1"]
[White "Dhanwani, Aryan"]
[Black "Salas Martin, Javier"]
[Result "0-1"]
[WhiteElo "1323"]
[BlackElo "1749"]
[PlyCount "96"]
[EventDate "2019.01.26"]
[EventType "swiss"]
[EventRounds "5"]
[EventCountry "GGB"]
[SourceTitle "EXT 2021"]
[Source "ChessBase"]
[SourceDate "2020.10.23"]
[SourceVersion "1"]
[SourceVersionDate "2020.10.23"]
[SourceQuality "1"]

1. e4 d6 2. Nf3 e5 3. Bc4 Be7 4. d3 Nf6 5. Be3 0-0 6. 0-0 Nbd7 7. Nbd2 Ng4 8. Qe2 c6 9. h3 Nxe3 10. Qxe3 a5 11. a4 Nc5 12. Nb3 Ne6 13. Bxe6 Bxe6 14. Nbd2 Rc8 15. c4 f6 16. d4 Qb6 17. d5 Qxe3 18. fxe3 cxd5 19. exd5 Bd7 20. b3 Bd8 21. Kh1 f5 22. e4 f4 23. Rfb1 Ra8 24. b4 axb4 25. Rxb4 Bc8 26. Nb3 b6 27. Nbd2 Rf7 28. Nb1 g5 29. Nxg5 Bxg5 30. Rxb6 Ra6 31. Rxa6 Bxa6 32. Nd2 Rb7 33. Nf3 Bd8 34. Rc1 Bb6 35. Rb1 Bc5 36. Rxb7 Bxb7 37. Nd2 Ba6 38. g4 Bb4 39. Nf3 Bxc4 40. Kg2 Bd3 41. h4 Bxe4 42. h5 Bxd5 43. g5 e4 44. Nd4 Bc5 45. Nf5 e3+ 46. Kf1 Bc4+ 47. Ke1 Bb4+ 48. Kd1 e2+ 0-1

[Event "Erandio op 26th"]
[Site "Erandio"]
[Date "2017.12.22"]
[Round "7"]
[White "Salas Martin, Javier"]
[Black "Fernandez Almeida, Joseba"]
[Result "0-1"]
[WhiteElo "1822"]
[BlackElo "1811"]
[PlyCount "80"]
[EventDate "2017.12.16"]
[EventType "swiss"]
[EventRounds "8"]
[EventCountry "ESP"]
[SourceTitle "CBM 182 Extra"]
[Source "ChessBase"]
[SourceDate "2018.02.23"]
[SourceVersion "1"]
[SourceVersionDate "2018.02.23"]
[SourceQuality "1"]

1. d4 e6 2. c4 Nf6 3. Nf3 b6 4. a3 Bb7 5. Nc3 Be7 6. d5 exd5 7. cxd5 d6 8. g3 Nbd7 9. Bg2 0-0 10. 0-0 Re8 11. Re1 Ne5 12. e4 Nxf3+ 13. Qxf3 h6 14. Bd2 Nd7 15. Qh5 Nf6 16. Qd1 Bf8 17. Rc1 a6 18. Qc2 Bc8 19. Ne2 Ra7 20. Nd4 Bd7 21. Bh3 Bxh3 22. Nc6 Qa8 23. Nxa7 Qxa7 24. f3 Rc8 25. Be3 g6 26. Kf2 Bd7 27. h4 Bg7 28. Qd2 Kh7 29. Rh1 Re8 30. Qc2 Rc8 31. a4 a5 32. b3 c6 33. Qd3 cxd5 34. Rxc8 Bxc8 35. exd5 Bb7 36. h5 Nxd5 37. hxg6+ fxg6 38. Bc1 b5+ 39. Kg2 Nf6 40. Qxd6 Ng4 0-1

[Event "Erandio op 26th"]
[Site "Erandio"]
[Date "2017.12.21"]
[Round "6"]
[White "Asensio Arino, Juan Angel"]
[Black "Salas Martin, Javier"]
[Result "0-1"]
[WhiteElo "1526"]
[BlackElo "1822"]
[PlyCount "32"]
[EventDate "2017.12.16"]
[EventType "swiss"]
[EventRounds "8"]
[EventCountry "ESP"]
[SourceTitle "CBM 182 Extra"]
[Source "ChessBase"]
[SourceDate "2018.02.23"]
[SourceVersion "1"]
[SourceVersionDate "2018.02.23"]
[SourceQuality "1"]

1. d4 Nf6 2. e3 d5 3. f4 e6 4. Bd3 b6 5. Nf3 Ba6 6. 0-0 c5 7. Bxa6 Nxa6 8. c3 Be7 9. Ne5 Qc8 10. Nd2 0-0 11. Nb3 Nc7 12. g4 Nb5 13. g5 Ne8 14. Qh5 g6 15. Qh3 f6 16. gxf6 Bxf6 0-1

[Event "Getxo op 2nd"]
[Site "Getxo"]
[Date "2017.09.14"]
[Round "8"]
[White "Salas Martin, Javier"]
[Black "Peric, Slavisa"]
[Result "0-1"]
[WhiteElo "1817"]
[BlackElo "2117"]
[PlyCount "85"]
[EventDate "2017.09.09"]
[EventType "swiss"]
[EventRounds "9"]
[EventCountry "ESP"]
[SourceTitle "CBM 180 Extra"]
[Source "ChessBase"]
[SourceDate "2017.10.06"]
[SourceVersion "1"]
[SourceVersionDate "2017.10.06"]
[SourceQuality "1"]

1. d4 d5 2. c4 e6 3. Nf3 c6 4. e3 Nf6 5. Nc3 Nbd7 6. Qc2 b6 7. g3 Bb7 8. Bg2 a6 9. b3 c5 10. cxd5 Nxd5 11. 0-0 Nxc3 12. Qxc3 Be7 13. Rd1 Bf6 14. Bb2 0-0 15. Qd2 Rc8 16. Rac1 Bd5 17. dxc5 Nxc5 18. Bd4 Nd7 19. Qb2 Rxc1 20. Rxc1 Qa8 21. Bxf6 Nxf6 22. Ne1 Bxg2 23. Nxg2 Rc8 24. Rxc8+ Qxc8 25. Nf4 Qb7 26. Qd2 h6 27. Qd8+ Kh7 28. Qd3+ g6 29. h4 e5 30. Ne2 a5 31. Qc4 Kg7 32. Nc1 Qf3 33. Qe2 Qf5 34. Nd3 g5 35. hxg5 hxg5 36. Qc2 Ng4 37. Qe2 e4 38. Ne1 Qe6 39. Nc2 Ne5 40. Qh5 Nf3+ 41. Kg2 f6 42. Qh1 Qd5 43. Qc1 0-1

[Event "Erandio op 23rd"]
[Site "Erandio"]
[Date "2014.12.21"]
[Round "2"]
[White "Salas Martin, Javier"]
[Black "Diez Fraile, David"]
[Result "0-1"]
[WhiteElo "1796"]
[BlackElo "2147"]
[PlyCount "72"]
[EventDate "2014.12.20"]
[EventType "swiss"]
[EventRounds "8"]
[EventCountry "ESP"]
[SourceTitle "CBM 164 Extra"]
[Source "ChessBase"]
[SourceDate "2015.03.02"]
[SourceVersion "1"]
[SourceVersionDate "2015.03.02"]
[SourceQuality "1"]

1. d4 d5 2. c4 e6 3. Nc3 Nf6 4. Nf3 c6 5. e3 Nbd7 6. Qc2 Bd6 7. g4 Nxg4 8. Rg1 Qf6 9. Rxg4 Qxf3 10. Rxg7 Nf6 11. h3 Ne4 12. Nxe4 Qxe4 13. Qxe4 dxe4 14. Bd2 Bd7 15. 0-0-0 Kf8 16. Rg1 Ke7 17. Bg2 f5 18. f3 Rhg8 19. Bh1 exf3 20. Bxf3 Bh2 21. Rh1 Bg3 22. Rdf1 Raf8 23. e4 fxe4 24. Bxe4 h5 25. Bh7 Rxf1+ 26. Rxf1 Rg7 27. Rf3 h4 28. Be4 e5 29. Bb4+ Kd8 30. d5 cxd5 31. cxd5 Bf4+ 32. Kc2 Rg2+ 33. Kb3 Rg3 34. Be1 Bxh3 35. Bxg3 hxg3 36. Kc4 g2 0-1

[Event "Bizkaiko-ch Primary"]
[Site "Arrigorriagako"]
[Date "2012.??.??"]
[Round "4.12"]
[White "Iza Gallastegui, Asier"]
[Black "Salas Martin, Javier"]
[Result "0-1"]
[WhiteElo "1860"]
[BlackElo "1802"]
[PlyCount "127"]
[EventDate "2012.10.20"]
[EventType "tourn"]
[EventRounds "6"]
[EventCountry "ESP"]
[SourceTitle "EXT 2024"]
[Source "ChessBase"]
[SourceDate "2023.10.10"]
[SourceVersion "1"]
[SourceVersionDate "2023.10.10"]
[SourceQuality "1"]

1. d4 Nf6 2. c4 e6 3. Nf3 d5 4. Bg5 Nbd7 5. Nc3 Be7 6. e3 0-0 7. Bd3 h6 8. Bh4 b6 9. cxd5 exd5 10. 0-0 c5 11. Rc1 Bb7 12. a4 Re8 13. a5 Bc6 14. Na4 c4 15. Bb1 b5 16. Nc3 b4 17. Ne2 Qxa5 18. b3 c3 19. Bxf6 Bxf6 20. Qc2 Nf8 21. Nf4 Qd8 22. Qf5 Qc8 23. Qh5 Qd7 24. Bf5 Qe7 25. Bd3 Rad8 26. Ra1 Qb7 27. Ra5 Rd7 28. Rfa1 Qb8 29. Rc5 Rc7 30. Nxd5 Bxd5 31. Qxd5 Rxc5 32. Qxc5 Rc8 33. Qf5 Qc7 34. Bc2 Ng6 35. Qa5 Qxa5 36. Rxa5 Rc7 37. Kf1 Nf8 38. Ke2 Nd7 39. Ne1 Be7 40. Nd3 Rb7 41. Nf4 Bd8 42. Ra6 Nb8 43. Ra1 a5 44. Nd3 Nd7 45. Nf4 Rb5 46. Bd3 Rb8 47. Kd1 Bc7 48. g3 Nf6 49. h3 g5 50. Ne2 Rd8 51. Kc2 Rc8 52. Bf5 Re8 53. Rd1 Nd5 54. Bd7 Rd8 55. Bc6 Kf8 56. Nc1 Rd6 57. Bb5 Rf6 58. Nd3 Bxg3 59. fxg3 Nxe3+ 60. Kc1 Nxd1 61. Kxd1 Rf1+ 62. Ke2 Rh1 63. Bd7 Rh2+ 64. Kd1 0-1